| 000 | 01015nam a2200289Ia 4500 | ||
|---|---|---|---|
| 003 | CO-BoRNBP | ||
| 005 | 20250604154614.0 | ||
| 007 | ta | ||
| 008 | 180109s9999 xx 000 0 und d | ||
| 020 | _a9788416830008 | ||
| 040 |
_aCO-BoRNBP _bspa _erda _cCO-BoRNBP |
||
| 041 | _aspa | ||
| 084 | _aN VER2 | ||
| 100 | 1 |
_aVerne, Julio, _d1828-1905 |
|
| 245 | 1 | 0 |
_aVeinte mil leguas de viaje submarino / _cJules Verne ; ilustraciones Agustín Comotto ; traducción de Iñigo Jáuregui. |
| 250 | _aSegunda edición. | ||
| 264 | 1 |
_aBarcelona : _bNordica Libros;2016 |
|
| 300 |
_a405 páginas : _bilustraciones en color ; _c23 cm |
||
| 336 |
_atexto _btxt _2rdacontent |
||
| 337 |
_asin mediación _bn _2rdamedia |
||
| 338 |
_avolumen _bnc _2rdacarrier |
||
| 650 | 0 | 0 |
_aEmociones infantiles _vÁlbum _2LEMB _9794 |
| 650 | 0 | 0 |
_aNovela juvenil francesa _2LEMB _91971 |
| 650 | 0 | 0 |
_aLiteratura Juvenil Francesa _2LEMB _959525 |
| 700 | 1 |
_aComotto, Agustín, ilustrador \ Jáuregui, Öñigo, traductor _959526 |
|
| 942 |
_2loc _cBK |
||
| 999 |
_c57125 _d57125 |
||